O'Brien v Harwood (VO) (Record no. 74002)

MARC details
000 -LEADER
fixed length control field 01421cam a2200241 4500
001 - CONTROL NUMBER
control field ABS67379
008 - FIXED-LENGTH DATA ELEMENTS--GENERAL INFORMATION
fixed length control field 031223n2003 000 0 eng u
035 ## - SYSTEM CONTROL NUMBER
System control number (Sirsi) u124693
245 ## - TITLE STATEMENT
Title O'Brien v Harwood (VO)
260 ## - PUBLICATION, DISTRIBUTION, ETC.
Date of publication, distribution, etc. 2003
490 ## - SERIES STATEMENT
Series statement Rating and Valuation Reporter
Volume/sequential designation [2003] RVR 319-320(2)
520 ## - SUMMARY, ETC.
Summary, etc. [2003] EWCA Civ 1375, 22 August 2003. Appellant ratepayer (O) sought permission to appeal against LT decision (RA/22/2002, Abs67201) which determined the rateable value of a hereditament consisting of a right under license to display advertisements on the flank wall of a warehouse building. "Held": that LT had approached its decision correctly by applying the correct legal principles and had taken great care in its examination of the evidence before it, particularly in the consideration of comparables. The LT had correctly rejected O's argument that liability for rates should be measured by ability to pay and emphasised the principle of equality of rating. O's argument that profits method of valuation should be used was also rejected. Permission to appeal refused. LT decision upheld.
590 ## - LOCAL NOTE (RLIN)
Local note ABS
650 ## - SUBJECT ADDED ENTRY--TOPICAL TERM
Topical term or geographic name entry element O'BRIEN V HARWOOD (VO)
650 ## - SUBJECT ADDED ENTRY--TOPICAL TERM
Topical term or geographic name entry element RATEABLE VALUE
650 ## - SUBJECT ADDED ENTRY--TOPICAL TERM
Topical term or geographic name entry element ADVERTISING HOARDINGS
650 ## - SUBJECT ADDED ENTRY--TOPICAL TERM
Topical term or geographic name entry element PROFITS METHOD
650 ## - SUBJECT ADDED ENTRY--TOPICAL TERM
Topical term or geographic name entry element Valuation
9 (RLIN) 6273
650 ## - SUBJECT ADDED ENTRY--TOPICAL TERM
Topical term or geographic name entry element COMPARABLES
650 ## - SUBJECT ADDED ENTRY--TOPICAL TERM
Topical term or geographic name entry element RATING APPEALS
690 ## - LOCAL SUBJECT ADDED ENTRY--TOPICAL TERM (OCLC, RLIN)
Topical term or geographic name as entry element RATING AND LOCAL TAXATION-CASE LAW
942 ## - ADDED ENTRY ELEMENTS (KOHA)
Suppress in OPAC 0
Holdings
Withdrawn status Lost status Source of classification or shelving scheme Damaged status Not for loan Home library Current library Shelving location Date acquired Total Checkouts Full call number Barcode Date last seen Copy number Price effective from Koha item type
    Dewey Decimal Classification     London London Journal article 23/12/2003   ABS67379 124693-1001 06/08/2019 1 06/08/2019 Law report